Google Suchanfragen vervollständigen - Statistiken

Allgemein
  • Dieses Quiz wurde 63 mal gespielt
  • Das Durchschnittsergebnis liegt bei 3 aus 10
Antwortstatistiken
Hint Antwort % Korrekt
Warum muss ich... so oft niesen
48%
Warum muss ich... so oft pinkeln
45%
Warum muss ich... steuern nachzahlen
37%
Warum muss ich... immer weinen
35%
Warum muss ich... so oft pupsen
33%
Warum muss ich... gez zahlen
22%
Warum muss ich... so oft pipi
18%
Warum muss ich... ständig aufstoßen
12%
Warum muss ich... immer aufstoßen
8%
Warum muss ich... nachts so oft pipi
2%
Keine übereinstimmenden Quizze gefunden
Verteilung der Resultate
Anzahl Personen mit jedem Resultat
Perzentil nach korrekt beantworteten Fragen
Ihre Resultats-Entwicklung
Sie haben dieses Quiz noch nicht gespielt